Missing Word: Orbs by Sporcle Category Quiz Stats

 Plays Quiz Updated Feb 25, 2019

Score 0/15 Timer 03:00
0 Plays Today
Clue Answer % Correct
Sports - The NFL's championship game: Super ____BOWL
93.6%
Miscellaneous - Potato snack named after a popular toy: Hula ____HOOPS
92.8%
Entertainment - First event of the film and TV industry awards season: Golden ____GLOBES
92.2%
Music - Last physical medium before the digital era: compact ____DISC
91.4%
Television - NBC sitcom starring John Lithgow: 3rd Rock from the ____SUN
90.6%
Just for Fun - Joke staple: How many x does it take to screw in a light ____?BULB
90.6%
Science - Pacific Rim, prone to earthquakes and volcanic eruptions: the ____ of FireRING
86.6%
History - Area over which a Great Power maintained indirect control: ____ of influenceSPHERE
62.3%
Clue Answer % Correct
Language - To experience the onset of senility: to lose one's _____MARBLES
54%
Movies - Indiana Jones' sidekick from the Temple of Doom: Short ____ROUND
48.1%
Religion - Islamic shrine in Jerusalem's Old City: ____ of the RockDOME
46.8%
Holiday - Children's gift at Christmas and Hanukkah: chocolate ____COIN
46.7%
Geography - Rock formation near Australia's Lord Howe Island: ____'s PyramidBALL
35.8%
Gaming - Microsoft first-person shooter: ____: Combat EvolvedHALO
35.2%
Literature - Robert Jordan's multi-volume high fantasy series: the ____ of TimeWHEEL
21.4%

Today's Daily Dose

Missing Word
Sherlocks

Word Ladder
King of the Hill

Quick Pick
Songs in Pink

Get the Picture
NBA Teammates

You're not logged in!

Compare scores with friends on all Sporcle quizzes.
OR
Log In

Sporcle TV

Today on Sporcle TV


Watch our educational content, quiz creation guides, and fun videos on Sporcle TV.

Show Comments

Extras

Top Quizzes Today


Score Distribution

Your Account Isn't Verified!

In order to create a playlist on Sporcle, you need to verify the email address you used during registration. Go to your Sporcle Settings to finish the process.

Report this User

Report this user for behavior that violates our Community Guidelines.

Details: